000 00720nam a22002537a 4500
003 PE SENCICO BE
005 20251020182636.0
008 230509b |||||||| |||| 00| 0 eng d
020 _a978-3-86407-584-1
040 _aPE SENCICO BE
_cPE SENCICO BE
041 _aspa
082 _a747.797
_bK6
110 1 _9322
_aKonemann
245 1 _aKitchens = Kuchen = cocinas /
_cKonemann
250 _a[1a ed.]
260 _aBarcelona :
_bBooq Publishing,
_c2016
300 _a503 p. :
_bil., lams col.,
_c24 cm.
650 1 4 _91009
_aCocinas
650 2 4 _944
_aDiseño de interiores
650 2 4 _9370
_aArquitectura de viviendas
650 2 4 _925
_aDecoración de interiores
910 _bhfp
_chfp
942 _2ddc
_cLIB
999 _c4139
_d4139